| 000 | 00522nam a2200193Ia 4500 | ||
|---|---|---|---|
| 003 | OSt | ||
| 005 | 20250503095313.0 | ||
| 008 | 210210b1970 xxu||||| |||| 00| 0 eng d | ||
| 040 | _cAL | ||
| 041 | _aKannada | ||
| 082 | _aK894.3 UMAG | ||
| 100 |
_aUMAPRIYA. _dಉಮಾಪ್ರಿಯಾ _9205696 |
||
| 245 |
_aGauriyo- -goriyo? _bಗೌರಿಯೋ -ಗೋರಿಯೊ |
||
| 260 |
_aBengaluru _bPulikeshi Prakashana _c1970 |
||
| 300 | _a184 | ||
| 690 |
_aKannada Fiction _9205697 |
||
| 906 | _a028161 | ||
| 942 |
_2ddc _cBK |
||
| 999 |
_c79419 _d79419 |
||